000 00309nam a2200133Ia 4500
005 20251222155124.0
008 251222s9999||||xx |||||||||||||| ||spa||
082 _aREL.85
100 _aRATZINGER Joseph.
245 0 _aIglesia Comunicadora de Vida
250 _a1ra. ed.
264 _bSesator
942 _cLIB
999 _c38568
_d38568